| 000 | 00849nam a2200265 a 4500 | ||
|---|---|---|---|
| 001 | 70240 | ||
| 003 | BD-RjUL | ||
| 005 | 20211209081958.0 | ||
| 008 | 170416s1962 nyu b 001 0 eng | ||
| 035 | _a(BD-RjUL)70454 | ||
| 040 |
_aDLC/ICU _cICU _dBD-RjUL _beng |
||
| 041 | _aeng | ||
| 082 | 0 | 0 |
_a516.36 _223 _bHED 1962 |
| 100 | 1 |
_aHelgason, Sigurdur, _d1927- _9208017 |
|
| 245 | 1 | 0 |
_aDifferential geometry and symmetric spaces / _cSigurdur Helgason |
| 260 |
_aNew York : _bAcademic Press, _c1962. |
||
| 300 |
_axiv, 486 p. ; _c24 cm. |
||
| 490 | 1 |
_aPure and applied mathematics, _v12 |
|
| 504 | _aIncludes index and bibliography. | ||
| 650 | 0 |
_aGeometry, Differential. _9208018 |
|
| 650 | 0 |
_aSymmetric spaces. _9151485 |
|
| 830 | 0 |
_aPure and applied mathematics (Academic Press) ; _v12. _9151104 |
|
| 942 |
_2ddc _cBK |
||
| 999 |
_c70240 _d70240 |
||